000 01012nam a22002775i 4500
001 13138
003 ES-MaACL
005 20240225063047.0
007 t|
008 951117s1994 sp a ||||0| spa j
020 _a84-7954-038-9
080 _a7 Carrión, Héctor
100 1 _aFernández-Carrión, Miguel-Héctor,
_d1955-
_935796
245 1 0 _aSecuencias temporalizadas
_b= Series in secuence /
_cHéctor Carrión ; prólogo de Julio Caro Baroja ; introducción de Víctor Nieto Alcaide.
246 3 1 _aSeries in secuence
260 _aMadrid :
_bLibertarias/Prodhufi,
_c[1994]
300 _a155 p. :
_bil. col. y n. ;
_c20 cm.
490 1 _aBiblioteca de arte ;
_v2
504 _aBibliografía: p. 147-155.
600 1 7 _aFernández-Carrión, Miguel-Héctor,
_d1955-
_2embne
_935796
700 1 _aCaro Baroja, Julio,
_d1914-1995
_935403
700 1 _aNieto Alcaide, Víctor.
_985671
830 0 _aBiblioteca de arte ;
_v2
_9179381
852 _aES-MaACL
_jL-20544
999 _c13138
_d13138